000 00677nam a2200217Ia 4500
005 20250108125040.0
008 008 250107s9999 xx 000 0 hin d
020 _a978-9387280-48-9
037 _aTB
040 _aCRL
_bhin
_cCRL
041 _asah
_2hin
084 _aW R4
084 _qCRL
245 0 _aश्री विष्ण सहस्त्रनामस्तोत्रम्: हिन्दी अनुवादसहित
260 _aगोरखपुर, भारत
_bगीताप्रेस
_c3149
300 _a60पृ0
365 _aINR
_b500
650 _aधर्म
942 _cTB
_hW R4
999 _c1235537
_d1235537